María Antonieta (Record no. 39237)

MARC details
000 -LEADER
campo de control de longitud fija 00600nam a2200181 i 4500
001 - NÚMERO DE CONTROL
campo de control 39237
003 - IDENTIFICADOR DE NÚMERO DE CONTROL
campo de control ES-MaACL
005 - FECHA Y HORA DE LA ÚLTIMA TRANSACCIÓN
campo de control 20230906155922.0
007 - CAMPO FIJO DE DESCRIPCIÓN FÍSICA--INFORMACIÓN GENERAL
campo de control de longitud fija t|
008 - DATOS DE LONGITUD FIJA--INFORMACIÓN GENERAL
campo de control de longitud fija 030227s1952 sp ||||1| spa d
100 1# - ENTRADA PRINCIPAL--NOMBRE DE PERSONA
Nombre de persona Calvo-Sotelo, Joaquín,
Fechas asociadas al nombre 1905-1993
9 (RLIN) 33913
245 10 - MENCIÓN DEL TÍTULO
Título María Antonieta
Resto del título : comedia dramática en tres actos... en prosa /
Mención de responsabilidad, etc. Joaquín Calvo-Sotelo.
260 ## - PUBLICACIÓN, DISTRIBUCIÓN, ETC.
Lugar de publicación, distribución, etc. Madrid :
Nombre del editor, distribuidor, etc. Sociedad de Autores Españoles,
Fecha de publicación, distribución, etc. 1952 (
Fabricante Gráf. Cinema)
300 ## - DESCRIPCIÓN FÍSICA
Extensión 95 p.. ;
Dimensiones 18 cm.
710 2# - ENTRADA AGREGADA--NOMBRE DE ENTIDAD CORPORATIVA
Nombre de entidad corporativa o nombre de jurisdicción como elemento de entrada Sociedad de Autores Españoles.
9 (RLIN) 171890
852 ## - LOCALIZACIÓN
Ubicación ES-MaACL
Número de control de estantería D-8146
Holdings
Estatus retirado Estado de pérdida Estado de daño No para préstamo Biblioteca de origen Biblioteca actual Ubicación en estantería Fecha de adquisición Fuente de adquisición Total de préstamos Signatura topográfica completa Código de barras Visto por última vez Precio de reemplazo Tipo de ítem Koha
        Biblioteca del Ateneo de Madrid Biblioteca del Ateneo de Madrid Sala Valle Inclán 17/01/2008     D-8146 901041317 23/02/2023 23/02/2023 Libro impreso